<?xml version="1.0" encoding="UTF-8"?><?xml-stylesheet type="text/xsl" href="static/style.xsl"?><OAI-PMH xmlns="http://www.openarchives.org/OAI/2.0/" xmlns:xsi="http://www.w3.org/2001/XMLSchema-instance" xsi:schemaLocation="http://www.openarchives.org/OAI/2.0/ http://www.openarchives.org/OAI/2.0/OAI-PMH.xsd"><responseDate>2026-06-06T02:45:13Z</responseDate><request verb="GetRecord" identifier="oai:riuma.uma.es:10630/6636" metadataPrefix="marc">https://riuma.uma.es/rest/oai/request</request><GetRecord><record><header><identifier>oai:riuma.uma.es:10630/6636</identifier><datestamp>2026-02-03T12:52:43Z</datestamp><setSpec>com_10630_5701</setSpec><setSpec>com_10630_3139</setSpec><setSpec>com_10630_10</setSpec><setSpec>col_10630_6603</setSpec></header><metadata><record xmlns="http://www.loc.gov/MARC21/slim" xmlns:dcterms="http://purl.org/dc/terms/" xmlns:doc="http://www.lyncode.com/xoai" xmlns:xsi="http://www.w3.org/2001/XMLSchema-instance" xsi:schemaLocation="http://www.loc.gov/MARC21/slim http://www.loc.gov/standards/marcxml/schema/MARC21slim.xsd">
   <leader>00925njm 22002777a 4500</leader>
   <datafield ind2=" " ind1=" " tag="042">
      <subfield code="a">dc</subfield>
   </datafield>
   <datafield ind2=" " ind1=" " tag="720">
      <subfield code="a">Ybáñez-Worboys, María del Pilar</subfield>
      <subfield code="e">author</subfield>
   </datafield>
   <datafield ind2=" " ind1=" " tag="260">
      <subfield code="c">2007</subfield>
   </datafield>
   <datafield ind2=" " ind1=" " tag="520">
      <subfield code="a">La reiteración con que, durante todo el Antiguo Régimen, los diferentes cuerpos dispositivos&#xd;
inciden en la idoneidad que debía caracterizar a cualquier miembro de la burocracia castellana&#xd;
nos da la medida de la continua trasgresión de esa exigencia. A través de dicha legislación, no&#xd;
solo de índole general sino también territorial y local, observamos el tratamiento, incluso a&#xd;
veces la escrupulosidad, con que se abordaba el problema. Entre los numerosos oficios, objeto&#xd;
de tal sistematización, encontramos a los procuradores de causas, protagonistas, en esta ocasión,&#xd;
de nuestro estudio.</subfield>
   </datafield>
   <datafield ind2=" " ind1=" " tag="520">
      <subfield code="a">The reiteration that, during all the Old Regime, the different legislative bodies insisted&#xd;
on the suitability that had to characterize to any member of the Castilian bureaucracy gives&#xd;
us the idea of the continuous transgression of that exigency. Through this legislation, not only&#xd;
of general but territorial and also local nature, we observed the treatment, even sometimes the&#xd;
scrupulousness, whereupon the problem was approached. Between the numerous occupations,&#xd;
object of such systematization, we found the procurators of causes, protagonists, in this&#xd;
occasion, of our study.</subfield>
   </datafield>
   <datafield ind1="8" ind2=" " tag="024">
      <subfield code="a">YBÁÑEZ WORBOYS, PILAR "Los procuradores de causas y la capacitación en el derecho castellano medieval y moderno : los factores jurídicos y técnicos" Baetica, 29, 2007, 461-471</subfield>
   </datafield>
   <datafield ind1="8" ind2=" " tag="024">
      <subfield code="a">0212-5099</subfield>
   </datafield>
   <datafield ind1="8" ind2=" " tag="024">
      <subfield code="a">http://hdl.handle.net/10630/6636</subfield>
   </datafield>
   <datafield tag="653" ind2=" " ind1=" ">
      <subfield code="a">Funcionarios - España - S. XVI</subfield>
   </datafield>
   <datafield ind2="0" ind1="0" tag="245">
      <subfield code="a">Los procuradores de causas y la capacitación en el derecho castellano medieval y moderno : los factores jurídicos y técnicos</subfield>
   </datafield>
</record>
</metadata></record></GetRecord></OAI-PMH>